Online
Catalog

Vodú y magia en Santo Domingo / (Record no. 3400)

MARC details
000 -CABECERA
campo de control de longitud fija 01505nam a2200253 a 4500
001 - NÚMERO DE CONTROL
campo de control 000003576
005 - FECHA Y HORA DE LA ÚLTIMA TRANSACCIÓN
campo de control 20240308073617.0
008 - DATOS DE LONGITUD FIJA--INFORMACIÓN GENERAL
campo de control de longitud fija 090710s1992 dr a 000 0 spa d
040 ## - FUENTE DE LA CATALOGACIÓN
Centro catalogador/agencia de origen DO-SdBNP
Lengua de catalogación spa
Centro/agencia transcriptor BNPHU
082 ## - NÚMERO DE LA CLASIFICACIÓN DECIMAL DEWEY
Número de clasificación 299.675
Número de documento/Ítem D325v, 1992
100 1# - ENTRADA PRINCIPAL--NOMBRE DE PERSONA
Nombre de persona Deive, Carlos Esteban,
Fechas asociadas al nombre 1935-2019
9 (RLIN) 1916
245 10 - MENCIÓN DE TÍTULO
Título Vodú y magia en Santo Domingo /
Mención de responsabilidad, etc. Carlos Esteban Deive.
250 ## - MENCIÓN DE EDICIÓN
Mención de edición 3a ed.
260 ## - PUBLICACIÓN, DISTRIBUCIÓN, ETC.
Lugar de publicación, distribución, etc. Santo Domingo :
Nombre del editor, distribuidor, etc. Fundación Cultural Dominicana,
Fecha de publicación, distribución, etc. 1992.
300 ## - DESCRIPCIÓN FÍSICA
Extensión 427 p. :
Otras características físicas il. ;
Dimensiones 23 cm.
500 ## - NOTA GENERAL
Nota general Incluye índice de nombres y de lugares
504 ## - NOTA DE BIBLIOGRAFÍA, ETC.
Nota de bibliografía, etc. Bibliografía : p. 403-415.
505 2# - NOTA DE CONTENIDO CON FORMATO
Título Presentación /
Mención de responsabilidad José Antonio Caro Álvarez
Título Introducción --
-- Una ojeada al concepto de magia y religión --
-- La esclavitud negra --
-- A la búsqueda de los orígenes tribales --
-- El encuentro de las razas --
-- El mundo insólito del vodú --
-- El vodú dominicano --
-- El ritual luasista --
-- Vodú y catolicismo --
-- En los dominios de la hechicería --
-- Modalidades de la magia blanca --
-- Oraciones mágico-religiosas --
-- Medicina popular y curanderismo --
-- El devenir y la muerte --
-- El contexto socioecónomico del vodú y la magia --
-- Vodú y magia en la literatura dominicana --
-- Glosario de voces --
-- Bibliografía general --
-- Índice de nombres y lugares geográficos.
590 ## - NOTA LOCAL (RLIN)
Nota local Inventariado, 2018/VM
650 #4 - PUNTO DE ACCESO ADICIONAL DE MATERIA--TÉRMINO DE MATERIA
Término de materia o nombre geográfico como elemento de entrada Vudú
9 (RLIN) 1917
650 #4 - PUNTO DE ACCESO ADICIONAL DE MATERIA--TÉRMINO DE MATERIA
Término de materia o nombre geográfico como elemento de entrada Magia
9 (RLIN) 11033
651 #4 - PUNTO DE ACCESO ADICIONAL DE MATERIA--NOMBRE GEOGRÁFICO
Nombre geográfico República Dominicana
Subdivisión general Vida Religiosa Y Costumbres
9 (RLIN) 6935
910 ## - DATOS DE OPCIÓN DEL USUARIO (OCLC)
Datos de opción del usuario Validado. Control de calidad MMOLINA
Holdings
Estado de retiro Estado de pérdida No para préstamo Código de colección Localización permanente Ubicación/localización actual Ubicación en estantería Fecha de adquisición Número de inventario Total de préstamos Signatura topográfica completa Código de barras Fecha visto por última vez Precio válido a partir de Tipo de ítem Koha Número de copia
    Excluido de préstamo Patrimonio Dominicano Patrimonio Dominicano Patrimonio Dominicano Depósito 10.07.2009 LF1   299.675 D325v, 1992 3576-10 25.06.2020 25.06.2020 Libro y Folleto Colección Patrimonio Dominicano  
  Extraviado Excluido de préstamo Patrimonio Dominicano Patrimonio Dominicano Patrimonio Dominicano Extraviado 24.04.2015 LF1   299.675 D325v, 1992 3576-20 25.06.2020 25.06.2020 Libro y Folleto Colección Patrimonio Dominicano e. 2

Powered by Koha